01186nam a2200193Ia 4500001001100000003001000011008004100021040002500062041001300087100001700100245008900117250001100206260009200217300001200309500026000321501011400581520026000695650003700955L858-37630IT-CnALBA170116s9999||||xx |||||||||||||| ||und|| aIT-CnALBAcIT-CnALBA aITALIANO aDOLCI GIULIO 0aLA VOCE D'ITALIA NEI SECOLI. ANTOLOGIA DELLA LETTERATURA ITALIANA. VOL. I. TOMO II.  a1a ed. a MI BO NAbLA PRORA C. ED. DI LOCATELLI c1959 [1° Ed.:1959 - Ed.Ling.Originale: 1959] a596 p.  aDAL BOCCACCIO AL POLIZIANO. BOCCACCIO MINORE. PAPINI. FILOCOLO, FILOSTRATO, FIAMMETTA. DECAMERON, CROCE. LIRICI MINORI E NARRATORI DEL TRECENTO. SACCHETTI F. PUCCI A. ANDREA DA BARBERINO. LETTERATURA RELIGIOSA. FIORETTI DI S. FRANCESCO. CAVALCA D. SANTA C aSocietà San Paolo EM - Piazza San Paolo, 14 - 12051 ALBA (CN) (non commercial uses only) ® Copyright 2017 aDAL BOCCACCIO AL POLIZIANO. BOCCACCIO MINORE. PAPINI. FILOCOLO, FILOSTRATO, FIAMMETTA. DECAMERON, CROCE. LIRICI MINORI E NARRATORI DEL TRECENTO. SACCHETTI F. PUCCI A. ANDREA DA BARBERINO. LETTERATURA RELIGIOSA. FIORETTI DI S. FRANCESCO. CAVALCA D. SANTA C aMISCELLANEA E ANTOLOGIE ITALIANE